Еженедельник для охотников до лошадей... (Запись № 2121597)

Подробности
000 -МАРКЕР
контрольное поле 04980nas1a22006851 4500
001 - ИДЕНТИФИКАТОР ЗАПИСИ
контрольное поле RU\NLR\INFOCOMM16\1000043009
005 - ИДЕНТИФИКАТОР ВЕРСИИ
контрольное поле 20260212124503.0
035 ## - ДРУГИЕ СИСТЕМНЫЕ НОМЕРА
Идентификатор записи (NLR Aleph) 002446277
100 ## - ДАННЫЕ ОБЩЕЙ ОБРАБОТКИ
Данные общей обработки 20260215 rusy50
101 0# - ЯЗЫК РЕСУРСА
Язык текста, звукозаписи и т.д. русский
102 ## - СТРАНА ПУБЛИКАЦИИ ИЛИ ПРОИЗВОДСТВА
Страна публикации Российская Федерация
110 ## - ПОЛЕ КОДИРОВАННЫХ ДАННЫХ: ПРОДОЛЖАЮЩИЕСЯ РЕСУРСЫ
Кодированные данные продолжающегося ресурса ayu||||0|y0
200 1# - ЗАГЛАВИЕ И СВЕДЕНИЯ ОБ ОТВЕТСТВЕННОСТИ
Основное заглавие Еженедельник для охотников до лошадей...
Первые сведения об ответственности Составляемый попечением генерал-лейтенанта и кавалера П. Цорна
207 #1 - ОБЛАСТЬ СПЕЦИФИЧЕСКИХ СВЕДЕНИЙ: НУМЕРАЦИЯ ПРОДОЛЖАЮЩИХСЯ РЕСУРСОВ
Нумерация: даты и обозначения томов Ч.1, книжка 1 - 1827
210 ## - ПУБЛИКАЦИЯ, РАСПРОСТРАНЕНИЕ И ДР.
Место издания, распространения и т.д. Москва
Имя издателя, распространителя и т. д. в типографии Августа Семена
Дата издания, распространения и т.д. 1823-1827
215 ## - ФИЗИЧЕСКАЯ ХАРАКТЕРИСТИКА
Размеры 8° (21 см)
300 ## - ОБЩИЕ ПРИМЕЧАНИЯ
Текст примечания Загл.: Ч.5-12 - Записки для охотников до лошадей...
300 ## - ОБЩИЕ ПРИМЕЧАНИЯ
Текст примечания Сведения об отв.: ч.1-3 - Составляемый попечением генерал-лейтенанта и кавалера П. Цорна; ч.4, 6-8, 10-11 - отсутствуют; ч.5, 9 - Составляемыя генерал-лейтенантом и кавалером П. Цорном
300 ## - ОБЩИЕ ПРИМЕЧАНИЯ
Текст примечания Вых. данные: ч.1, книжка 2 - ч.12, книжка 12 - В типографии Августа Семена, при Императорской Медико-хирургической академии
300 ## - ОБЩИЕ ПРИМЕЧАНИЯ
Текст примечания Ч.2 1826 г. соответствует части 2 "Конюшенного порядка" (одного из разделов журн.)
300 ## - ОБЩИЕ ПРИМЕЧАНИЯ
Текст примечания также м/ф
320 ## - ПРИМЕЧАНИЯ О НАЛИЧИИ В ДОКУМЕНТЕ БИБЛИОГРАФИИ / УКАЗАТЕЛЯ
Текст примечания Алфавит для удобнейшего приискания материалов в Еженедельнике и Записках для охотников до лошадей, помещенных в X частях. (В изд.: ... 1825, Ч.10, Кн.5/6, с.1-42 послед. паг.)
321 1# - ПРИМЕЧАНИЯ ОБ ОТДЕЛЬНО ИЗДАННЫХ УКАЗАТЕЛЯХ / РЕФЕРАТАХ / ССЫЛКАХ, ОТРАЖАЮЩИХ КАТАЛОГИЗИРУЕМЫЙ ДОКУМЕНТ
Примечания об указателях, рефератах, ссылках СК сериал. 034 (до 1825)
620 ## - МЕСТО И ДАТА ПУБЛИКАЦИИ, ИСПОЛНЕНИЯ И Т. Д.
Город Москва
702 #1 - ИМЯ ЛИЦА - ВТОРИЧНАЯ ОТВЕТСТВЕННОСТЬ
Начальный элемент ввода Цорн
Часть имени, кроме начального элемента ввода П. И.
Даты 1777-1829
Расширение инициалов личного имени Павел Иванович
Код отношения Издатель
702 #1 - ИМЯ ЛИЦА - ВТОРИЧНАЯ ОТВЕТСТВЕННОСТЬ
Начальный элемент ввода Семен
Часть имени, кроме начального элемента ввода А. И.
Даты 1783-1862
Расширение инициалов личного имени Август Иванович
Код отношения Печатник (типограф)
712 00 - НАИМЕНОВАНИЕ ОРГАНИЗАЦИИ - ВТОРИЧНАЯ ОТВЕТСТВЕННОСТЬ
Начальный элемент ввода Семен,
Инверсированный элемент Август,
Часть наименования, отличная от начального элемента ввода и от инверсированного элемента типография
Идентифицирующий признак Москва
Идентификатор авторитетной/нормативной записи RU\NLR\AUTH\8810039152
Код отношения Печатник (типограф)
801 #0 - ИСТОЧНИК ЗАПИСИ
Страна Российская Федерация
Организация NLR
Правила каталогизации PSBO
801 #1 - ИСТОЧНИК ЗАПИСИ
Страна Российская Федерация
Организация InfoComm
Дата составления 20040312
852 ## - МЕСТОНАХОЖДЕНИЕ И ШИФР ХРАНЕНИЯ
Идентификатор организации NLR
Шифр хранения (Call Number) 3/1065
942 ## - ДОПОЛНИТЕЛЬНЫЕ ЭЛЕМЕНТЫ ЗАПИСИ (АБИС)
Тип экземпляра АБИС Неопределено
980 ## - КОЛЛЕКЦИЯ
Название коллекции Национальная библиография
980 ## - КОЛЛЕКЦИЯ
Название коллекции Русская периодика

Нет доступных экземпляров.